| 000 | 00934cam a22002653a 4500 | ||
|---|---|---|---|
| 001 | 2903 | ||
| 003 | PGUSA | ||
| 005 | 20140828083023.0 | ||
| 008 | 040924s2004||||xxu|||||s|||||000 e eng d | ||
| 040 |
_aPGUSA _beng |
||
| 042 | _adc | ||
| 050 | 4 | _aPR | |
| 100 | 1 |
_aGalsworthy, John, _d1867-1933 |
|
| 245 | 1 | 0 |
_aStudies and Essays : _bThe Inn of Tranquility, and Others _h[electronic resource] / _cJohn Galsworthy |
| 260 |
_bProject Gutenberg, _c2004 |
||
| 505 | 0 | _aThe Inn of Tranquillity -- Magpie over the hill -- Sheep-shearing -- Evolution -- Riding in mist -- The procession -- A Christian -- Wind in the rocks -- My distant relative -- The black godmother. | |
| 506 | _aPublic domain in the USA. | ||
| 516 | _aElectronic text | ||
| 653 | _aAutobiographical fiction | ||
| 653 | _aEssays | ||
| 653 | _aShort stories | ||
| 830 | 0 |
_aProject Gutenberg _v2903 |
|
| 856 | 4 | 0 | _uhttp://www.gutenberg.org/ebooks/2903 |
| 942 | _cEB | ||
| 999 |
_c232233 _d232233 |
||